000 01671nam0a2200349 i 4500
001 RU\NLR\BIBL_A\010806849
005 20241115073334.0
010 _a9785971021407
_bЛенанд
010 _a978-5-453-00104-0
_bУРСС
021 _aRU
_b2015-46112
_92745
035 _a(NLR Aleph) 010806849
090 _a10186032
_c10186032
100 _a20150720d2015 u y0rusy50 ca
101 1 _arus
_ceng
102 _aRU
105 _aa|||z|||000yy
200 1 _aЗагадки Сфинкса и другие математические головоломки
_dRiddles of the sphinx and other mathematical puzzle tales
_fМартин Гарднер
_gпер. с англ. Т. И. Врублевской-Tокер
_zeng
210 _aМосква
_cURSS
_cЛенанд
_d2015
215 _a295, [1] с.
_cил.
_d22
225 1 _aВпервые на русском языке!
225 1 _aНауку - всем! Шедевры научно-популярной литературы (математика)
_vвып. 97
300 _aАвт. также на англ. яз.: Martin Gardner
300 _aНа 4-й с. обл. авт.: Мартин Гарднер - амер. популяризатор науки, математик и писатель
510 1 _6z22790
_aRiddles of the sphinx and other mathematical puzzle tales
_zeng
606 _aЗанимательная математика
_92181220
_3RU\NLR\AUTH\661311688
686 1 _aВ1я92
700 1 _aГарднер
_bМ.
_f1914-2010
_gМартин
790 1 _6z22510
_aGardner
_bM.
_f1914-2010
_gMartin
942 _cBOOK
980 _aNBR